000 00717nam a22002417a 4500
001 BR9406054
003 BR-BrBNA
005 20230928094124.0
007 ta
008 230509b bl.||||| |||| 00| 0 por d
040 _aBR-BrBNA
_bpor
_cBiblioteca Nacional de Agricultura
041 _a(Por)
072 _aE10; E13
090 _ E10 BR9406054
110 1 _aBanco Nacional de Desenvolvimento Economico, Brasilia, DF (Brasil)
_91209
245 1 _a14. Exposicao sobre o Programa de Reaparelhamento Economico - 1965
260 3 _aBrasilia, DF (Brasil):
_c1965.
300 _a160 p.
650 _aDesenvolvimento Economico
650 _aRecurso Economico
909 _a202309
_bLucia
_c55
_dLucia Elande
942 _cBK
999 _c48966
_d48966